[Event "Bayern-ch (Women) 79th"]
[Site "Bad Neustadt/Saale"]
[Date "2008.09.05"]
[Round "8"]
[White "Stegmaier, Erika"]
[Black "Antusch, Ingrid"]
[Result "1-0"]
[WhiteElo "1585"]
[BlackElo "1832"]
[PlyCount "123"]
[EventDate "2008.08.30"]
[EventType "tourn"]
[EventRounds "9"]
[EventCountry "GER"]
[SourceTitle "EXT 2015"]
[Source "ChessBase"]
[SourceDate "2014.11.20"]
[SourceVersion "1"]
[SourceVersionDate "2014.11.20"]
[SourceQuality "1"]

1. c4 f5 2. Nc3 Nf6 3. g3 c6 4. e3 e6 5. Bg2 d5 6. cxd5 exd5 7. d4 Bd6 8. Nf3 Nbd7 9. 0-0 0-0 10. Qb3 Kh8 11. Qc2 Ne4 12. Nxe4 fxe4 13. Nd2 Nf6 14. Nb3 Qe7 15. Bd2 Bd7 16. Nc5 Bc8 17. a3 b6 18. Nb3 Bd7 19. Nc1 c5 20. dxc5 Bxc5 21. b4 Bd6 22. Ne2 Rac8 23. Qb3 Bb5 24. Rfe1 Bc4 25. Qd1 g5 26. Nd4 Qd7 27. Bc3 Kg8 28. h3 h5 29. a4 h4 30. g4 Ne8 31. Nf5 Bb8 32. Bxe4 Nf6 33. Nh6+ Kh8 34. Bxf6+ Rxf6 35. Nf5 Qc7 36. f4 gxf4 37. Qf3 dxe4 38. Qxf4 Qxf4 39. exf4 Bxf4 40. Rxe4 Bg3 41. Rc1 Ba6 42. Rxc8+ Bxc8 43. Re8+ Kh7 44. Rxc8 Re6 45. Nxg3 hxg3 46. Rc7+ Kg6 47. Rxa7 Kg5 48. Rf7 Re2 49. Rf5+ Kg6 50. Rb5 Ra2 51. Rxb6+ Kg5 52. a5 g2 53. Rb5+ Kh4 54. Re5 Kg3 55. Re3+ Kh4 56. Rb3 Kg5 57. b5 Kf4 58. b6 Ra1+ 59. Kxg2 Ra2+ 60. Kf1 Rh2 61. b7 Rh1+ 62. Kg2 1-0

[Event "Bayern-ch Seniors 20th"]
[Site "Bergen"]
[Date "2008.06.14"]
[Round "8.40"]
[White "Erdmann, Wolfgang"]
[Black "Antusch, Ingrid"]
[Result "0-1"]
[WhiteElo "1504"]
[BlackElo "1437"]
[PlyCount "60"]
[EventDate "2008.06.07"]
[EventType "swiss"]
[EventRounds "9"]
[EventCountry "GER"]
[SourceTitle "EXT 2022"]
[Source "ChessBase"]
[SourceDate "2021.10.06"]
[SourceVersion "1"]
[SourceVersionDate "2021.10.06"]
[SourceQuality "1"]

1. d4 f5 2. Nf3 Nf6 3. e3 e6 4. Bd3 d5 5. Nbd2 Bd6 6. c4 c6 7. c5 Bc7 8. b4 a6 9. a4 Nbd7 10. b5 axb5 11. Ng5 Qe7 12. Bb2 bxa4 13. Rxa4 Rxa4 14. Qxa4 0-0 15. f4 Ng4 16. Ke2 Ndf6 17. h3 Nh6 18. Bc3 Ne4 19. Ndxe4 fxe4 20. Bc2 Nf5 21. Be1 h6 22. g4 hxg5 23. gxf5 gxf4 24. fxe6 f3+ 25. Kf1 Bxe6 26. Bf2 Qg5 27. Ke1 Bg3 28. Rg1 Qxe3+ 29. Kd1 Bxf2 30. Rf1 Qe2+ 0-1

[Event "Bayern-ch Seniors 20th"]
[Site "Bergen"]
[Date "2008.06.12"]
[Round "6.39"]
[White "Antusch, Ingrid"]
[Black "Alefs, Heinz"]
[Result "1/2-1/2"]
[WhiteElo "1437"]
[BlackElo "1648"]
[PlyCount "98"]
[EventDate "2008.06.07"]
[EventType "swiss"]
[EventRounds "9"]
[EventCountry "GER"]
[SourceTitle "EXT 2022"]
[Source "ChessBase"]
[SourceDate "2021.10.06"]
[SourceVersion "1"]
[SourceVersionDate "2021.10.06"]
[SourceQuality "1"]

1. d4 f5 2. e3 Nf6 3. Bd3 d6 4. c4 g6 5. f3 Bg7 6. Nd2 0-0 7. Ne2 e5 8. 0-0 Qe8 9. Re1 a5 10. Nc3 c6 11. Rb1 Na6 12. a3 Nc7 13. Nf1 Qf7 14. Ng3 Be6 15. b3 Rad8 16. Bd2 Bh6 17. f4 e4 18. Be2 Kh8 19. Rf1 Rg8 20. Rf2 Ng4 21. Bxg4 fxg4 22. Ncxe4 Bf5 23. Nxf5 gxf5 24. Ng3 b6 25. Bc3 Bg7 26. Qc2 Rgf8 27. Re1 d5 28. c5 a4 29. bxa4 bxc5 30. dxc5 Bxc3 31. Qxc3+ Kg8 32. Rb2 h5 33. Rb6 h4 34. Ne2 Qf6 35. Nd4 Qg7 36. Rxc6 Rde8 37. Qd3 Re4 38. a5 h3 39. g3 Rb8 40. Rb6 Rbe8 41. Re2 Qxd4 42. exd4 Rxe2 43. Rg6+ Kh7 44. Rc6 Re1+ 45. Kf2 R8e4 46. Rxc7+ Kg8 47. a6 Ra1 48. a7 Ra2+ 49. Kf1 Ra1+ 1/2-1/2

[Event "Bayern-ch Seniors 20th"]
[Site "Bergen"]
[Date "2008.06.10"]
[Round "4.38"]
[White "Oser, Thor"]
[Black "Antusch, Ingrid"]
[Result "1/2-1/2"]
[WhiteElo "1632"]
[BlackElo "1437"]
[PlyCount "38"]
[EventDate "2008.06.07"]
[EventType "swiss"]
[EventRounds "9"]
[EventCountry "GER"]
[SourceTitle "EXT 2022"]
[Source "ChessBase"]
[SourceDate "2021.10.06"]
[SourceVersion "1"]
[SourceVersionDate "2021.10.06"]
[SourceQuality "1"]

1. e4 d5 2. exd5 Qxd5 3. Nf3 Nf6 4. d3 c6 5. Nc3 Qa5 6. Be2 Bg4 7. h3 Bh5 8. 0-0 e6 9. Bf4 Be7 10. Bg3 Nbd7 11. Nd2 0-0 12. Nc4 Bxe2 13. Qxe2 Qd8 14. a3 Nd5 15. Ne4 N7f6 16. Rfd1 Ne8 17. Ne3 Bh4 18. Nxd5 Bxg3 19. Nxg3 cxd5 1/2-1/2

[Event "Chiemgau Seniors Cup 3th"]
[Site "Bergen"]
[Date "2007.10.30"]
[Round "9"]
[White "Schmidt, Wolfgang4444"]
[Black "Antusch, Ingrid"]
[Result "1-0"]
[WhiteElo "1615"]
[BlackElo "1432"]
[PlyCount "41"]
[EventDate "2007.10.22"]
[EventType "swiss"]
[EventRounds "9"]
[EventCountry "GER"]
[SourceTitle "EXT 2008"]
[Source "ChessBase"]
[SourceDate "2007.11.25"]
[SourceVersion "1"]
[SourceVersionDate "2007.11.25"]
[SourceQuality "1"]

1. e4 d5 2. exd5 Qxd5 3. Nc3 Qa5 4. d4 c6 5. Bd2 Qb6 6. Nf3 Qxb2 7. Bc4 e6 8. Rb1 Qa3 9. Rb3 Qe7 10. Bf4 Nd7 11. 0-0 g6 12. d5 cxd5 13. Nxd5 Qc5 14. Nc7+ Ke7 15. Bxe6 fxe6 16. Nxa8 Bg7 17. Nc7 e5 18. Nd5+ Ke6 19. Ng5+ Kf5 20. Qd3+ Kg4 21. Qh3# 1-0

[Event "Chiemgau Seniors Cup 3th"]
[Site "Bergen"]
[Date "2007.10.28"]
[Round "7"]
[White "Siegl, Wolfgang"]
[Black "Antusch, Ingrid"]
[Result "1/2-1/2"]
[WhiteElo "1587"]
[BlackElo "1432"]
[PlyCount "129"]
[EventDate "2007.10.22"]
[EventType "swiss"]
[EventRounds "9"]
[EventCountry "GER"]
[SourceTitle "EXT 2008"]
[Source "ChessBase"]
[SourceDate "2007.11.25"]
[SourceVersion "1"]
[SourceVersionDate "2007.11.25"]
[SourceQuality "1"]

1. d4 f5 2. Nc3 Nf6 3. Bg5 e6 4. e4 Be7 5. exf5 exf5 6. Bc4 c6 7. Bxf6 Bxf6 8. d5 Qa5 9. Nge2 b5 10. Bb3 c5 11. a3 c4 12. Ba2 0-0 13. 0-0 d6 14. Nd4 a6 15. Nce2 Qb6 16. c3 Qc5 17. b3 Qxd5 18. bxc4 bxc4 19. Nf4 Qe4 20. Bxc4+ Kh8 21. Bd5 Qxf4 22. Bxa8 Be5 23. g3 Qg5 24. f4 Bxd4+ 25. Qxd4 Qd8 26. Rfe1 a5 27. Re3 Na6 28. Bd5 Nc7 29. Ba2 Bb7 30. Qb6 Be4 31. Rd1 d5 32. c4 Rf6 33. Qxa5 d4 34. Qd2 Rd6 35. Rb3 Ne6 36. Qb2 Qf6 37. Rb8+ Nf8 38. Rxd4 h5 39. Rd2 Rxd2 40. Qxd2 Qa1+ 41. Kf2 Qh1 42. Ke3 Qg1+ 43. Qf2 Qc1+ 44. Kd4 Qxa3 45. Re8 Qa7+ 46. c5 Qd7+ 47. Kc3 Qxe8 48. Qd4 Qc6 49. Qc4 Qf6+ 50. Kb4 Qb2+ 51. Ka5 Qd2+ 52. Ka4 Qc2+ 53. Bb3 Qxc4+ 54. Bxc4 Nd7 55. Kb5 Nb8 56. Bf7 Kh7 57. Bxh5 g6 58. Be2 Kh6 59. Bc4 Nc6 60. Bf7 Nd8 61. Be8 Ne6 62. Kb6 Nd4 63. c6 Nxc6 64. Bxc6 g5 65. Bd7 1/2-1/2

[Event "Bayern-ch Seniors 19th"]
[Site "Schloss Schney"]
[Date "2007.06.17"]
[Round "7"]
[White "Antusch, Ingrid"]
[Black "Ludwig, Karl Heinz"]
[Result "1-0"]
[WhiteElo "1426"]
[BlackElo "1150"]
[PlyCount "45"]
[EventDate "2007.06.12"]
[EventType "swiss"]
[EventRounds "9"]
[EventCountry "GER"]
[SourceTitle "EXT 2008"]
[Source "ChessBase"]
[SourceDate "2007.11.25"]
[SourceVersion "1"]
[SourceVersionDate "2007.11.25"]
[SourceQuality "1"]

1. f4 f5 2. Nf3 Nf6 3. c4 e6 4. e3 Be7 5. Ng5 h6 6. Nf3 0-0 7. d3 b6 8. a3 Bb7 9. Be2 d5 10. cxd5 Nxd5 11. 0-0 Rf6 12. Qc2 c6 13. e4 Nc7 14. e5 Rg6 15. Ne1 Qd4+ 16. Kh1 c5 17. Bh5 Bxg2+ 18. Nxg2 Rg4 19. Bxg4 fxg4 20. Nc3 Nd5 21. Ne2 Ne3 22. Nxd4 Nxc2 23. Nxc2 1-0

[Event "Bayern-ch Seniors 19th"]
[Site "Schloss Schney"]
[Date "2007.06.15"]
[Round "4"]
[White "Froeling, Philippa"]
[Black "Antusch, Ingrid"]
[Result "0-1"]
[WhiteElo "1192"]
[BlackElo "1426"]
[PlyCount "60"]
[EventDate "2007.06.12"]
[EventType "swiss"]
[EventRounds "9"]
[EventCountry "GER"]
[SourceTitle "EXT 2008"]
[Source "ChessBase"]
[SourceDate "2007.11.25"]
[SourceVersion "1"]
[SourceVersionDate "2007.11.25"]
[SourceQuality "1"]

1. Nf3 f5 2. d4 Nf6 3. Nbd2 e6 4. c4 c6 5. g3 d5 6. cxd5 exd5 7. Bg2 Bd6 8. a3 Nbd7 9. b4 a6 10. 0-0 0-0 11. Qb3 Kh8 12. Bb2 Qe7 13. Rfe1 Ne4 14. Nxe4 fxe4 15. Nd2 Qg5 16. f4 Qh5 17. e3 Nf6 18. h3 Bxh3 19. Bxh3 Qxh3 20. Nf1 Nh5 21. Re2 Nxg3 22. Nxg3 Qxg3+ 23. Rg2 Qh3 24. Rh2 Qf5 25. Qd1 g5 26. Qh5 gxf4 27. Qxf5 Rxf5 28. exf4 Bxf4 29. Rh3 Rg8+ 30. Kh1 Rfg5 0-1

[Event "Bad Woerishofen Seniors opA 23rd"]
[Site "Bad Woerishofen"]
[Date "2007.03.10"]
[Round "3"]
[White "Antusch, Ingrid"]
[Black "Blutharsch, Walter"]
[Result "0-1"]
[WhiteElo "1445"]
[BlackElo "1724"]
[PlyCount "74"]
[EventDate "2007.03.08"]
[EventType "swiss"]
[EventRounds "9"]
[EventCountry "GER"]
[SourceTitle "EXT 2022"]
[Source "ChessBase"]
[SourceDate "2021.10.06"]
[SourceVersion "1"]
[SourceVersionDate "2021.10.06"]
[SourceQuality "1"]

1. f4 d5 2. Nf3 g6 3. d4 Bg7 4. e3 Nc6 5. c3 Nf6 6. Bd3 0-0 7. Nbd2 Ng4 8. Qe2 e6 9. 0-0 Bd7 10. h3 Nh6 11. e4 dxe4 12. Nxe4 Ne7 13. Be3 Nd5 14. Bd2 Nf5 15. g4 Nd6 16. Neg5 Re8 17. Rae1 f5 18. Ne5 Bc8 19. Qf2 c6 20. Qh4 Nf6 21. Ngf3 Qb6 22. Bc1 c5 23. Re2 Qc7 24. Be3 b6 25. Qf2 Bb7 26. dxc5 bxc5 27. Kh2 Rad8 28. Bc2 Ba6 29. Nd3 Nde4 30. Qg1 Bxd3 31. Bxd3 Rxd3 32. Ne5 Rxe3 33. Rxe3 Nd5 34. Rxe4 fxe4 35. Qg3 Rf8 36. Kg2 g5 37. Re1 gxf4 0-1

[Event "Bayern-ch Seniors 18th"]
[Site "Schloss Schney"]
[Date "2006.07.03"]
[Round "9"]
[White "Antusch, Ingrid"]
[Black "Kurz, Leonhard"]
[Result "0-1"]
[WhiteElo "1376"]
[BlackElo "1634"]
[PlyCount "86"]
[EventDate "2006.06.25"]
[EventType "swiss"]
[EventRounds "9"]
[EventCountry "GER"]
[SourceTitle "EXT 2007"]
[Source "ChessBase"]
[SourceDate "2006.11.23"]
[SourceVersion "1"]
[SourceVersionDate "2006.11.23"]
[SourceQuality "1"]

1. f4 d5 2. Nf3 c5 3. e3 Nc6 4. d4 Nf6 5. c3 e6 6. Bd3 Be7 7. Nbd2 Bd7 8. Ne5 0-0 9. 0-0 Nxe5 10. fxe5 Ne8 11. Rf3 f6 12. Bxh7+ Kxh7 13. Rh3+ Kg8 14. Qh5 fxe5 15. Qh7+ Kf7 16. Nf3 Bf6 17. dxe5 Rg8 18. exf6 Qxf6 19. e4 dxe4 20. Bg5 Qf5 21. Qxf5+ exf5 22. Ne5+ Ke6 23. Bf4 Nf6 24. Nc4 Rad8 25. Bc7 Rc8 26. Bg3 Bc6 27. Be5 Rcd8 28. Re1 Bb5 29. Bxf6 Kxf6 30. Ne3 Rd2 31. Nd1 Rgd8 32. Rhe3 Rxd1 33. g4 Rxe1+ 34. Rxe1 g6 35. b3 Rd2 36. c4 Bc6 37. Ra1 e3 38. Kf1 Rxh2 39. Re1 Rh1+ 40. Ke2 Rxe1+ 41. Kxe1 f4 42. Ke2 Ke5 43. g5 Ke4 0-1

[Event "Bayern-ch Seniors 17th"]
[Site "Schloss Schney"]
[Date "2005.06.11"]
[Round "2"]
[White "Antusch, Ingrid"]
[Black "Banfelder, Herbert"]
[Result "0-1"]
[WhiteElo "1414"]
[BlackElo "1641"]
[PlyCount "120"]
[EventDate "2005.06.10"]
[EventType "swiss"]
[EventRounds "9"]
[EventCountry "GER"]
[SourceTitle "EXT 2006"]
[Source "ChessBase"]
[SourceDate "2005.11.24"]
[SourceVersion "1"]
[SourceVersionDate "2005.11.24"]
[SourceQuality "1"]

1. d4 Nf6 2. f4 d5 3. Nf3 Nbd7 4. e3 c5 5. c3 b6 6. Bd3 Bb7 7. Nbd2 e6 8. 0-0 Be7 9. Ne5 0-0 10. g4 Nxe5 11. fxe5 Ne4 12. Qf3 Nxd2 13. Bxd2 Bg5 14. Rad1 Qe7 15. Qh3 h6 16. Be1 Rac8 17. Qg3 Qd8 18. h4 Be7 19. Kg2 f6 20. h5 Rc7 21. Bd2 Qc8 22. Bg6 Qd7 23. Kh3 Rcc8 24. Rf2 fxe5 25. dxe5 Rxf2 26. Qxf2 Rf8 27. Qe2 d4 28. exd4 Bf3 29. Qe1 Bxd1 30. Qxd1 Qc6 31. Qe2 Qf3+ 32. Qxf3 Rxf3+ 33. Kg2 Rf8 34. Be4 Rd8 35. Be3 cxd4 36. cxd4 Kf8 37. Kf3 Bg5 38. b3 Ke7 39. Bc6 Rc8 40. Bxg5+ hxg5 41. d5 exd5 42. Bxd5 Rf8+ 43. Kg3 Rf4 44. a4 Rd4 45. Bc4 a5 46. Kf3 Kd8 47. Bb5 Kc7 48. e6 Kd6 49. Bc4 Ke7 50. Kg3 Rf4 51. Bd5 Kd6 52. Bc4 Re4 53. Kf3 Re5 54. Kf2 Kc5 55. Kf3 Kd4 56. Kf2 Ke4 57. Kg3 Ke3 58. b4 axb4 59. Bb3 Kd2 60. Kf3 Re3+ 0-1

[Event "Bad Woerishofen Seniors op 21st"]
[Site "Bad Woerishofen"]
[Date "2005.03.08"]
[Round "6"]
[White "Antusch, Ingrid"]
[Black "Hoenig, Josef"]
[Result "0-1"]
[WhiteElo "1422"]
[BlackElo "1579"]
[PlyCount "88"]
[EventDate "2005.03.03"]
[EventType "swiss"]
[EventRounds "9"]
[EventCountry "GER"]
[SourceTitle "EXT 2006"]
[Source "ChessBase"]
[SourceDate "2005.11.24"]
[SourceVersion "1"]
[SourceVersionDate "2005.11.24"]
[SourceQuality "1"]

1. d4 d5 2. e3 Nf6 3. Nd2 Nc6 4. Bd3 g6 5. c3 Bg7 6. f4 Bg4 7. Ngf3 a6 8. 0-0 Bxf3 9. Qxf3 e6 10. g4 Qe7 11. g5 Nd7 12. Qe2 0-0 13. Rf3 f5 14. Qg2 Rf7 15. Rh3 Bf8 16. Nf3 Na7 17. Kh1 Nb5 18. Bd2 Nd6 19. Rg1 Ne4 20. Bc1 Rc8 21. Bxe4 dxe4 22. Nd2 c5 23. b3 cxd4 24. cxd4 b5 25. Rg3 Nb6 26. h4 Rc2 27. a3 Qc7 28. h5 Rxc1 29. Nf1 Nd5 30. Qh3 Rc2 31. Qh4 Rg7 32. Rh3 Qe7 33. hxg6 Rxg6 34. Qh5 Qg7 35. Qd1 Qc7 36. Rh6 Bxh6 37. gxh6 Rxg1+ 38. Kxg1 Rc3 39. Qh5 Qf7 40. Qg5+ Qg6 41. Kf2 Qxg5 42. fxg5 Kf7 43. a4 Rxb3 44. axb5 axb5 0-1

[Event "Bad Woerishofen Seniors op 21st"]
[Site "Bad Woerishofen"]
[Date "2005.03.06"]
[Round "4"]
[White "Antusch, Ingrid"]
[Black "Garbe, Heinz"]
[Result "1-0"]
[WhiteElo "1422"]
[BlackElo "1464"]
[PlyCount "79"]
[EventDate "2005.03.03"]
[EventType "swiss"]
[EventRounds "9"]
[EventCountry "GER"]
[SourceTitle "EXT 2006"]
[Source "ChessBase"]
[SourceDate "2005.11.24"]
[SourceVersion "1"]
[SourceVersionDate "2005.11.24"]
[SourceQuality "1"]

1. d4 Nf6 2. e3 g6 3. Bd3 Bg7 4. f4 d6 5. Nf3 b6 6. c4 Bb7 7. 0-0 0-0 8. Nc3 Nbd7 9. Qe1 c5 10. d5 Re8 11. f5 Nf8 12. e4 N6d7 13. Bc2 a6 14. Qh4 Bc8 15. Bh6 Ne5 16. Ng5 Bxh6 17. Qxh6 Ng4 18. Qh4 Ne3 19. Rf2 Nxc2 20. Rxc2 f6 21. Ne6 Nxe6 22. dxe6 Kg7 23. Qg4 g5 24. Qh5 Rf8 25. Nd5 Bb7 26. Rc3 Bxd5 27. exd5 Qe8 28. Qe2 Rh8 29. h4 h6 30. Rb3 Rb8 31. Rc1 Qg8 32. Rcc3 Qh7 33. Qh5 Rhf8 34. g4 gxh4 35. Rh3 Kh8 36. Rxh4 Rg8 37. Rbh3 Rg7 38. Qxh6 Qxh6 39. Rxh6+ Kg8 40. Rh8# 1-0

[Event "Bad Woerishofen Seniors op 21st"]
[Site "Bad Woerishofen"]
[Date "2005.03.05"]
[Round "3"]
[White "Kluge, Hans Christof"]
[Black "Antusch, Ingrid"]
[Result "1/2-1/2"]
[WhiteElo "1566"]
[BlackElo "1422"]
[PlyCount "76"]
[EventDate "2005.03.03"]
[EventType "swiss"]
[EventRounds "9"]
[EventCountry "GER"]
[SourceTitle "EXT 2006"]
[Source "ChessBase"]
[SourceDate "2005.11.24"]
[SourceVersion "1"]
[SourceVersionDate "2005.11.24"]
[SourceQuality "1"]

1. d4 d5 2. Nf3 f5 3. e3 Nf6 4. Bd3 e6 5. Nbd2 Bd6 6. 0-0 Nbd7 7. Ng5 Qe7 8. f4 0-0 9. c4 c6 10. a3 Ne4 11. Qh5 Ndf6 12. Qd1 Ng4 13. Ndxe4 dxe4 14. Be2 Nf6 15. Bd2 Bd7 16. Be1 Be8 17. h4 h6 18. Nh3 Qf7 19. Kh1 Qg6 20. Rg1 Ng4 21. Qb3 Rb8 22. Rc1 Bf7 23. g3 h5 24. c5 Be7 25. Qc3 Bd8 26. b4 a6 27. a4 Be8 28. Rb1 Ra8 29. Bc4 Kh8 30. Qb3 Bd7 31. a5 Re8 32. Rb2 Nf6 33. Rh2 Ng4 34. Rhg2 Kh7 35. Be2 Kh6 36. Ng5 Rh8 37. Bxg4 hxg4 38. Rh2 Kh5 1/2-1/2

[Event "Bad Woerishofen Seniors op 21st"]
[Site "Bad Woerishofen"]
[Date "2005.03.03"]
[Round "1"]
[White "Smits, Oswald"]
[Black "Antusch, Ingrid"]
[Result "1-0"]
[WhiteElo "1714"]
[BlackElo "1422"]
[PlyCount "89"]
[EventDate "2005.03.03"]
[EventType "swiss"]
[EventRounds "9"]
[EventCountry "GER"]
[SourceTitle "EXT 2006"]
[Source "ChessBase"]
[SourceDate "2005.11.24"]
[SourceVersion "1"]
[SourceVersionDate "2005.11.24"]
[SourceQuality "1"]

1. d4 f5 2. Nf3 Nf6 3. Bg5 e6 4. e3 d5 5. Nbd2 Bd6 6. c4 c6 7. cxd5 exd5 8. Bd3 0-0 9. Qc2 Qe8 10. Bxf5 Bxf5 11. Qxf5 Ne4 12. Qg4 Bb4 13. Bf4 Nd7 14. a3 Ndf6 15. Qh4 Be7 16. Qh3 Bd8 17. Be5 Qg6 18. 0-0 Ng4 19. Nxe4 Qxe4 20. Nd2 Qg6 21. Bf4 Nf6 22. Qe6+ Rf7 23. Nf3 Qg4 24. Qxg4 Nxg4 25. h3 Nf6 26. Ne5 Rf8 27. Nd3 Ne4 28. f3 Nd2 29. Rf2 Nc4 30. b3 Na5 31. b4 Nc4 32. Nb2 b5 33. Nd3 Bf6 34. Re2 a5 35. Raa2 Rae8 36. Kf2 h6 37. Bg3 Rf7 38. f4 Nd6 39. Ne5 Ne4+ 40. Kf3 Bxe5 41. dxe5 Nc3 42. Rac2 Nxe2 43. Kxe2 Rc8 44. Be1 a4 45. g4 1-0

[Event "Bayern-ch Seniors 16th"]
[Site "Schloss Schney"]
[Date "2004.06.09"]
[Round "4"]
[White "Ludwig, Ines"]
[Black "Antusch, Ingrid"]
[Result "0-1"]
[WhiteElo "1451"]
[BlackElo "1471"]
[PlyCount "43"]
[EventDate "2004.06.06"]
[EventType "swiss"]
[EventRounds "9"]
[EventCountry "GER"]
[SourceTitle "EXT 2006"]
[Source "ChessBase"]
[SourceDate "2005.11.24"]
[SourceVersion "1"]
[SourceVersionDate "2005.11.24"]
[SourceQuality "1"]

1. d4 f5 2. e3 Nf6 3. Bd3 e6 4. Nd2 d5 5. Ngf3 Bd6 6. 0-0 Nbd7 7. Ng5 Qe7 8. f3 0-0 9. Re1 h6 10. Nh3 e5 11. Bxf5 Nh5 12. Bxd7 Bxd7 13. Nf2 Qh4 14. Ng4 e4 15. Ne5 Rf6 16. Rf1 Rg6 17. f4 Bxe5 18. dxe5 Bh3 19. Rf2 Nxf4 20. exf4 e3 21. Re2 Bxg2 22. Rxg2 0-1

[Event "Bayern-ch (Women) 74th"]
[Site "Bad Neustadt"]
[Date "2003.09.04"]
[Round "7"]
[White "Heyne, Regina"]
[Black "Antusch, Ingrid"]
[Result "0-1"]
[WhiteElo "1390"]
[BlackElo "1526"]
[PlyCount "138"]
[EventDate "2003.08.30"]
[EventType "swiss"]
[EventRounds "9"]
[EventCountry "GER"]
[SourceTitle "EXT 2015"]
[Source "ChessBase"]
[SourceDate "2014.11.20"]
[SourceVersion "1"]
[SourceVersionDate "2014.11.20"]
[SourceQuality "1"]

1. e4 d5 2. exd5 Qxd5 3. Nc3 Qa5 4. Nf3 c6 5. d4 Nf6 6. Bd2 Qb6 7. Bc4 Qxb2 8. Rb1 Qa3 9. 0-0 e6 10. Re1 Be7 11. Bb3 0-0 12. Na4 Qd6 13. Be3 b6 14. c3 Nbd7 15. Qc1 Qc7 16. Bg5 Bd6 17. h3 Ba6 18. Nb2 Nd5 19. Qd2 Rae8 20. c4 Bb4 21. Qc2 Bxe1 22. Rxe1 N5f6 23. Qd2 Bb7 24. Bf4 Qc8 25. Bd6 Rd8 26. Bxf8 Nxf8 27. Qc3 c5 28. Rd1 Ne4 29. Qe3 cxd4 30. Nxd4 Qc5 31. Na4 Qh5 32. f3 Qg5 33. Qe2 Ng3 34. Qf2 Nh5 35. Nb5 Rxd1+ 36. Bxd1 Nf4 37. Kh2 Nd3 38. Qg3 Qc1 39. Bb3 Nf4 40. Nxa7 Qe3 41. Nb5 Ne2 42. Qe1 Qf4+ 43. Kh1 Ng3+ 44. Kg1 Nd7 45. Kf2 Ne5 46. Qd1 g5 47. Qd4 Ne4+ 48. Kg1 Nxf3+ 49. gxf3 Qg3+ 50. Kf1 Qxf3+ 51. Ke1 Qh1+ 52. Ke2 Ng3+ 53. Kd3 Qf3+ 54. Kc2 Be4+ 55. Kb2 Nf5 56. Qd8+ Kg7 57. Qxg5+ Kf8 58. Qd8+ Kg7 59. Qxb6 Qxh3 60. c5 h5 61. Ka3 Qf3 62. Nac3 Bc6 63. Kb4 h4 64. Nd6 Nd4 65. Qc7 Ba8 66. Nc4 Nc6+ 67. Kb5 Qxc3 68. Qh2 h3 69. Nd6 Qb4+ 0-1

[Event "Bayern-ch Seniors 15th"]
[Site "Schloss Schney"]
[Date "2003.06.19"]
[Round "7.24"]
[White "Antusch, Ingrid"]
[Black "Lueders, Guenter"]
[Result "0-1"]
[WhiteElo "1552"]
[BlackElo "1689"]
[PlyCount "118"]
[EventDate "2003.06.13"]
[EventType "swiss"]
[EventRounds "9"]
[EventCountry "GER"]
[SourceTitle "EXT 2004"]
[Source "ChessBase"]
[SourceDate "2003.11.25"]
[SourceVersion "1"]
[SourceVersionDate "2003.11.25"]
[SourceQuality "1"]

1. d4 d5 2. f4 Nf6 3. Nf3 e6 4. e3 Be7 5. Bd3 b6 6. Nbd2 0-0 7. Qe2 c5 8. c3 Nbd7 9. 0-0 c4 10. Bc2 Qc7 11. Ne5 Bb7 12. Qf3 b5 13. a3 a5 14. g4 g6 15. g5 Nh5 16. Qh3 Nxe5 17. dxe5 Qb6 18. Bd1 Nxf4 19. Rxf4 Bxg5 20. Rd4 Be7 21. Qh6 f6 22. Rh4 Rf7 23. Bh5 gxh5 24. Rxh5 Rg7+ 25. Kf2 fxe5 26. Rxe5 Rg6 27. Qh3 Rf8+ 28. Ke2 d4 29. exd4 Qc6 30. Kd1 Qh1+ 31. Kc2 Bd5 32. Qe3 Qxh2 33. Rxd5 exd5 34. Qxe7 Qf2 35. Qe5 Qg2 36. b4 cxb3+ 37. Kxb3 Rc6 38. Qe7 Rfc8 39. Rb1 Rxc3+ 40. Ka2 Rc2+ 41. Rb2 Rxc1 42. Qe6+ Kh8 43. Qe5+ Qg7 44. Qxd5 R1c2 45. Nb3 Rxb2+ 46. Kxb2 Qc7 47. Nc5 Qh2+ 48. Kc3 Qh3+ 49. Kb2 Qh2+ 50. Kc3 b4+ 51. axb4 axb4+ 52. Kb3 Qg3+ 53. Kxb4 Qe1+ 54. Kc4 Qc1+ 55. Kb4 Rb8+ 56. Ka5 Qa3+ 57. Na4 Qb4+ 58. Ka6 Qxa4+ 59. Qa5 Ra8+ 0-1

[Event "Bayern-ch Seniors 15th"]
[Site "Schloss Schney"]
[Date "2003.06.16"]
[Round "4.15"]
[White "Antusch, Ingrid"]
[Black "Reichenbacher, Gerhard"]
[Result "0-1"]
[WhiteElo "1552"]
[BlackElo "1824"]
[PlyCount "112"]
[EventDate "2003.06.13"]
[EventType "swiss"]
[EventRounds "9"]
[EventCountry "GER"]
[SourceTitle "EXT 2004"]
[Source "ChessBase"]
[SourceDate "2003.11.25"]
[SourceVersion "1"]
[SourceVersionDate "2003.11.25"]
[SourceQuality "1"]

1. d4 Nf6 2. e3 d5 3. f4 Bg4 4. Nf3 e6 5. Bd3 c5 6. c3 Nc6 7. 0-0 Be7 8. Nbd2 0-0 9. Qe1 Nd7 10. Qg3 Bf5 11. Bxf5 exf5 12. Ne5 Nf6 13. Qh3 g6 14. Ndf3 Ne4 15. Qh6 Bf6 16. Bd2 Bg7 17. Qh3 f6 18. Nd3 Qb6 19. Rab1 Qa6 20. Nxc5 Nxc5 21. dxc5 Qxa2 22. Rfd1 Rfe8 23. Nd4 Qc4 24. b4 a6 25. Qf3 Re4 26. Re1 Rae8 27. Rbc1 Qd3 28. Qe2 Qxe2 29. Rxe2 Nxd4 30. cxd4 Rxd4 31. Kf2 Rc4 32. Rxc4 dxc4 33. h4 Bf8 34. Bc3 a5 35. bxa5 Bxc5 36. Bxf6 Bb4 37. Rb2 Bxa5 38. Rxb7 c3 39. Ke2 c2 40. Bb2 Rd8 41. Rg7+ Kf8 42. Rxh7 Rd2+ 43. Kf3 Bc3 44. Bc1 Rd1 45. Rc7 Rxc1 46. Rxc3 Rf1+ 47. Ke2 c1Q 48. Rxc1 Rxc1 49. g3 Ke7 50. Kf3 Rc2 51. g4 fxg4+ 52. Kxg4 Kf6 53. e4 Rg2+ 54. Kf3 Ra2 55. Kg4 Ra4 56. Kf3 Ke6 0-1

[Event "Wuerttemberg-ch Seniors 15th"]
[Site "Ellwangen"]
[Date "2003.04.17"]
[Round "7"]
[White "Braun, Gerhard"]
[Black "Antusch, Ingrid"]
[Result "1-0"]
[WhiteElo "1462"]
[BlackElo "1507"]
[PlyCount "93"]
[EventDate "2003.04.??"]
[EventType "swiss"]
[EventRounds "9"]
[EventCountry "GER"]
[SourceTitle "EXT 2006"]
[Source "ChessBase"]
[SourceDate "2005.11.24"]
[SourceVersion "1"]
[SourceVersionDate "2005.11.24"]
[SourceQuality "1"]

1. Nf3 d5 2. d4 f5 3. g3 Nf6 4. Bg2 e6 5. Nc3 c6 6. Bf4 Bd6 7. Qd2 0-0 8. Ne5 Qc7 9. 0-0-0 b5 10. h4 a5 11. a4 b4 12. Na2 c5 13. dxc5 Bxe5 14. Bxe5 Qxe5 15. f4 Qc7 16. Qd4 Ng4 17. c4 Nc6 18. Qg1 Rb8 19. cxd5 Nd8 20. d6 Qd7 21. b3 Bb7 22. Bxb7 Nxb7 23. Kb2 Rbc8 24. Rc1 Nf6 25. Rc4 Nd8 26. Nc1 Rc6 27. Nd3 Nf7 28. Qd4 Ne4 29. g4 Ng3 30. Rh2 Nf1 31. Rg2 e5 32. Nxe5 Nxe5 33. fxe5 Ne3 34. Qxe3 f4 35. Qe4 Rcc8 36. Qd5+ Kh8 37. Rf2 Qxg4 38. e6 Rf5 39. d7 Rg8 40. Qf3 Qxh4 41. Rxf4 Qf6+ 42. Kb1 Rxf4 43. Qxf4 Qxe6 44. Qf7 Qe4+ 45. Kc1 Qe3+ 46. Kd1 Qxc5 47. Qxg8+ 1-0